Регионална библиотека "Любен Каравелов" - Русе

Котешката пътека (Запис номер 114540)

MARC детайли
000 -Лидер
Контролно поле с фиксирана дължина 01134nam a2200313 c 4500
003 - Код на организацията, давaща контролен номер
Контролно поле BLK
005 - Дата и час на последна редакция
Контролно поле 20231228162555.0
008 - Елементи от данни с фиксирана дължина
fixed length control field 180409b bul|||||r ||||||| ||bul||
010 ## - Наследен системен номер
LC control number KNG00119971000
040 ## - Източник на каталожния запис
Идентификатор на билиотеката - собственик на записа BLK
041 ## - Код за език
Код за езика на текст/звукозапис или на отделно заглавие Български
Код за езика КДБФ Български
080 ## - УДК
Текстов определител УДК Немска литература
УДК код - определител по УДК 821.112.2
УДК определител -31
УДК - код + определител 821.112.2-31
100 1# - Редна дума - Автор
Автор Зудерман, Херман
Авторска отговорност първи автор
R(LIN) 70306
139 ## - Редно поле
Редна дума Зудерман, Херман
Авторски знак Зуд - З 94
245 10 - Сведения за заглавието
Заглавие Котешката пътека
Подзаглавни данни Роман
Редно поле (дума) Херман Зудерман; прев. от нем. с предг. Тодор Берберов.
257 ## - Страна на издаване
Страна на създаване/издаване Германия
260 ## - Област на издателските данни
Име на издателя, разпространителя и проч. Нар. култура
Година на издаване 1960
300 ## - Физическа характеристика
Страници 252 с.
Илюстрации и др. 1 л. портр.
Размери/Мащаб 20 см
380 ## - Жанр
Жанр Худож. лит.
500 ## - Общи забележки
Забележка Ориг. загл. Der Katzensteg / Hermann Sudermann. - 20 080 тир.
700 ## - Други автори (авторска отговорност)
Лично име Берберов, Тодор Йончев
9 (RLIN) 255900
852 ## - Местоположение
Форматна сигнатура Цб 17396
856 4# - Електронен адрес и достъп
Електронен формат pdf - файл
856 4# - Електронен адрес и достъп
Електронен формат pdf - файл
999 ## - СИСТЕМНИ КОНТРОЛНИ НОМЕРА
Koha biblionumber 114540
Koha biblioitemnumber 114540
942 ## - АРТИКУЛИ
Вид на библиотечния материал Книги
Скрит в OPAC Не
Периодичен библиозапис Да
944 ## - СЪЗДАВАНЕ И РЕДАКЦИЯ на ЗАПИСА
Създаване/Редакция Създаване
Дата на регистрацията/редакция 21.10.2016
Служител, извършил регистрацията/редакцията 30560
Статус, дата на статуса Геновева Генчева
944 ## - СЪЗДАВАНЕ И РЕДАКЦИЯ на ЗАПИСА
Създаване/Редакция Редакция
Дата на регистрацията/редакция 21.10.2016
Служител, извършил регистрацията/редакцията Кети_Илиева
999 ## - СИСТЕМНИ КОНТРОЛНИ НОМЕРА
Koha biblioitemnumber 114540
Наличности
Код за отписване Код за изгубен артикул Източник на класификационната схема Код за повреда Коз за рестрикции Код за отдаване Артикулен № Име на библиотеката - собственик Име на библиотеката, в която се намира в момента Статус (Текущо местоположение) Дата на вписване в системата Местоположение - отдел Цена в лева Инвентарен номер Систематично азбучна сигнатура Баркод Номер на екземпляра Цена в евро Служебна бележка Служебен тип на артикула
  Не е изгубен Universal Decimal Classification Повреден без рестрикции ползва се в читалня 183688 Регионална библиотека "Любен Каравелов" Русе Регионална библиотека "Любен Каравелов" Русе Хранилище 1960-01-01 Хранилище 0.83 11266/60 Цб 17396 900000103288 1 0.42 Вид: Сф Дата: 01.01.1960 Книги
Изтеглен Не е изгубен Universal Decimal Classification Не е повреден без рестрикции заемане за дома 183689 Регионална библиотека "Любен Каравелов" Русе Регионална библиотека "Любен Каравелов" Русе Заемна - подръчен фонд 1960-01-01 Заемна - подръчен фонд 0.00 9964/60 П 830-31/З 94 9964/60 2 0.00 Вид: Сф Дата: 01.01.1960 Книги
Изтеглен Не е изгубен Universal Decimal Classification Не е повреден без рестрикции заемане за дома 183690 Регионална библиотека "Любен Каравелов" Русе Регионална библиотека "Любен Каравелов" Русе Заемна - подръчен фонд 1960-01-01 Заемна - подръчен фонд 0.00 9965/60 П 830-31/З 94 9965/60 3 0.00 Вид: Сф Дата: 01.01.1960 Книги
Изтеглен Не е изгубен Universal Decimal Classification Не е повреден без рестрикции заемане за дома 183691 Регионална библиотека "Любен Каравелов" Русе Регионална библиотека "Любен Каравелов" Русе Заемна - подръчен фонд 1960-01-01 Заемна - подръчен фонд 0.00 9967/60 П 830-31/З 94 9967/60 4 0.00 Вид: Сф Дата: 01.01.1960 Книги
Изтеглен Не е изгубен Universal Decimal Classification Не е повреден без рестрикции заемане за дома 183692 Регионална библиотека "Любен Каравелов" Русе Регионална библиотека "Любен Каравелов" Русе Заемна - подръчен фонд 1960-01-01 Заемна - подръчен фонд 0.00 9968/60 П 830-31/З 94 9968/60 5 0.00 Вид: Сф Дата: 01.01.1960 Книги
Изтеглен Не е изгубен Universal Decimal Classification Не е повреден без рестрикции заемане за дома 183693 Регионална библиотека "Любен Каравелов" Русе Регионална библиотека "Любен Каравелов" Русе Заемна - подръчен фонд 1960-01-01 Заемна - подръчен фонд 0.00 9972/60 П 830-31/З 94 9972/60 6 0.00 Вид: Сф Дата: 01.01.1960 Книги
Изтеглен Не е изгубен Universal Decimal Classification Не е повреден без рестрикции заемане за дома 183694 Регионална библиотека "Любен Каравелов" Русе Регионална библиотека "Любен Каравелов" Русе Заемна - подръчен фонд 1960-01-01 Заемна - подръчен фонд 0.00 7860/63 П 830-31/З 94 7860/63 7 0.00 Вид: Сф Дата: 01.01.1960 Книги
Изтеглен Не е изгубен Universal Decimal Classification Не е повреден без рестрикции заемане за дома 183695 Регионална библиотека "Любен Каравелов" Русе Регионална библиотека "Любен Каравелов" Русе Заемна - подръчен фонд 1960-01-01 Заемна - подръчен фонд 0.00 7861/63 П 830-31/З 94 7861/63 8 0.00 Вид: Сф Дата: 01.01.1960 Книги
Vip Innovations Ltd, Rousse, Bulgaria 2025